The gathering stream : the story of the Moray Firth /

Bibliographic Details
Main Author: Miller, James, 1948 February 19-
Format: Book
Language:English
Published: Edinburgh : Birlinn, 2012.
Subjects:

MARC

Tag First Indicator Second Indicator Subfields
LEADER 00000cam a2200000 i 4500
001 in00003238313
005 20151204205246.0
008 130222s2012 stka b 001 0 eng
010 |a  2012551966 
015 |a GBB278060  |2 bnb 
016 7 |a 016143569  |2 Uk 
020 |a 9781780270951 (pbk.) 
020 |a 178027095X (pbk.) 
029 1 |a AU@  |b 000050087778 
035 |a (OCoLC)ocn806200718 
035 |a (OCoLC)806200718 
040 |a DLC  |b eng  |e rda  |c DLC  |d UKMGB  |d YDXCP  |d OCLCO  |d YNK  |d GZQ  |d OCLCA  |d BWX  |d UtOrBLW 
042 |a pcc 
049 |a TXAM 
050 0 0 |a DA880.M824  |b M55 2012 
082 0 4 |a 941.15  |2 23 
100 1 |a Miller, James,  |d 1948 February 19- 
245 1 4 |a The gathering stream :  |b the story of the Moray Firth /  |c James Miller. 
264 1 |a Edinburgh :  |b Birlinn,  |c 2012. 
300 |a ix, 248 pages :  |b illustrations (some color) ;  |c 24 cm 
336 |a text  |b txt  |2 rdacontent 
337 |a unmediated  |b n  |2 rdamedia 
338 |a volume  |b nc  |2 rdacarrier 
504 |a Includes bibliographical references (pages 233-240) and index. 
651 0 |a Moray Firth Region (Scotland)  |x History. 
651 0 |a Scotland  |x History. 
651 0 |a Scotland  |x Civilization. 
938 |a YBP Library Services  |b YANK  |n 7626083 
938 |a YBP Library Services UK  |b YBPK  |n 7626083 
938 |a Blackwell Book Service  |b BBUS  |n 7626083 
947 |a A14835748818 
945 |a PromptCat  |b 306529 
946 |a stk 
994 |a 92  |b TXA 
948 |a Cataloged  |b h  |c 2013/5/1  |d c  |e EGrant 
999 |a MARS 
999 f f |s b9757e74-8bd0-35c6-866b-b651ba6cb930  |i eb3531a7-81ce-36b6-9f7b-e44338b3e09a  |t 0 
952 f f |p ric  |a Texas A&M University  |b Rellis Campus  |c Joint Library Facility  |d Remote Storage  |t 0  |e DA880.M824 M55 2012  |h Library of Congress classification  |i unmediated -- volume  |m A14835748818 
998 f f |a DA880.M824 M55 2012  |t 0  |l Remote Storage